000 004600000a22001810004500
001 003596
003 MACL
005 20150910112931.0
008 150910b xxu||||| |||| 00| 0 eng d
040 _aMACL
_cMACL
041 _aEnglish
082 _a821/KAU
100 _aKaul, H.K.
_96346
245 _aPoetry Of the Young
_bThe Mornig Rays
_cH.K. Kaul
260 _aNew Delhi
_c2005
_bThe Poetry Society,
650 _aLiterature
_99742
942 _k821
_cBK
_2ddc
999 _c15494
_d15494